=LDR 00000nam 2200000 4500 =001 NUTBA000000000002475 =005 20140617152147.0 =006 =007 =008 =020 ##$$a 978-602-98176-3-8 =035 ##$$0010-061400000000418 =040 ##$$a NBPDMAT =082 ##$$a 616.81 =090 ##$$a 616.81 $b Yul m =100 ##$$a A.Yulianto =245 ##$$a Mengapa stroke menyerang usia muda ? / $c A.Yulianto ; penyunting , chrisna Farmadiani =260 ##$$a Jogjakarta : $b Javalitera, $c 2011 =300 ##$$a 198 hlm. ; $c 21 cm. =500 ##$$a Bibliografi : hlm. 197 =650 ##$$a Stroke =700 ##$$a Chrisna Farmadiani =850 ##$$a NBPDMAT =990 ##$$a 21401917 =990 ##$$a 0001/BPAP-NTB/20142015 =990 ##$$a 0001/BPAP-NTB/2016 =990 ##$$a 0001/BPAP-NTB/2016 =990 ##$$a 21401917 =990 ##$$a 21401918 =990 ##$$a 21401920 =990 ##$$a 21401921 =990 ##$$a 0001/BPAP-NTB/20142015 =990 ##$$a 70527052 =990 ##$$a 21401917 =990 ##$$a 21401918 =990 ##$$a 21401920 =990 ##$$a 21401921 =990 ##$$a 0001/BPAP-NTB/20142015 =990 ##$$a 0001/BPAP-NTB/2016 =990 ##$$a 01201807052 =990 ##$$a 21401917 =990 ##$$a 21401917 =990 ##$$a 21401918 =990 ##$$a 21401920 =990 ##$$a 21401921 =990 ##$$a 0001/BPAP-NTB/20142015 =990 ##$$a 0001/BPAP-NTB/2016